000 00691nam a2200217Ii 4500
003 JO-AjNU
008 230606s9999||||xx |||||||||||||| ||und||
020 _a0-521-07524-6
040 _aJO-AjNU
_beng
_erda
_cJO-AjNU
041 _aeng
050 1 4 _aD208.N4 1971
100 3 _aEdited:Bromley,J.S,
_eauthor
_95577
245 0 0 _a The New Cambridge modern history volume vi the rise of great britain and russia
250 _a1 ed
264 3 1 _aNew York : Cambridge University Press,1971
300 _a947P
_b Includes indexes(p903-947)
336 _atext
_btxt
_2rdacontent
337 _aunmediated
_bn
_2rdamedia
338 _avolume
_bnc
_2rdacarrier
650 4 _aHistory , Modern
_95578
999 _aE2886
_c2884
_d2884